000 nam a22 7a 4500
999 _c10623
_d10623
008 180219b ||||| |||| 00| 0 eng d
100 _aBlackie & son
_96513
245 _aDictionary of Quatation
260 _aNew Delhi
_bS, Chand Publication
_c2012